000 00446nam a2200181Ia 4500
001 4865
005 20260306145826.0
008 260306t2004||||xx |||||||||||||| ||spa||
041 _aESP
082 _a330.985
_bG71
100 _aGonzález Izquierdo, Jorge (Editor)
_eAUT
245 0 _aEnsayos sobre la economía peruana
260 _c2004
300 _a190 páginas :
_c20 cm.
650 _aGEN
654 _aCAN
942 _cLIB
_dJUS
_fJUS
_2ddc
_n
999 _c4865
_d4865